Marieta : petit negoci tèxtil / coordinació: Sílvia Carbonell Basté ; textos: Fernando Amat, Sílvia Carbonell, Eulàlia Morral ; traducció: Paz Lorenzo petit negoci tèxtil / coordinació:
ISBN:
84-933320-1-1
Descripción Física:
223 p. : il. col. ; 30 cm
MARC
| LEADER | 00000nam a2200000Ia 4500 | ||
|---|---|---|---|
| 001 | 21713 | ||
| 008 | 160829s2005 xx 000 0 cat d | ||
| 020 | |a 84-933320-1-1 | ||
| 080 | |a C-3-211 | ||
| 100 | |a Amat, Fernando |9 45776 | ||
| 245 | |a Marieta : |b petit negoci tèxtil / coordinació: |b Sílvia Carbonell Basté ; textos: |b Fernando Amat, Sílvia Carbonell, Eulàlia Morral ; traducció: |b Paz Lorenzo | ||
| 260 | |a Terrassa : |b Centre de Documentació i Museu Tèxtil, |c 2005 | ||
| 300 | |a 223 p. : |b il. col. ; |c 30 cm | ||
| 590 | |a Bibliografia. | ||
| 590 | |a Text en català i castellà. | ||
| 590 | |a Catàleg de l'exposició vbcrlf | ||
| 650 | |a Marieta, S. A. (Firma) |9 45777 | ||
| 650 | |a Teixits i tèxtils |x Indústria i comerç |x Catalunya |x Història |9 45778 | ||
| 650 | |a Disseny tèxtil |x Catalunya |x Exposicions |9 45779 | ||
| 700 | |a Carbonell Basté, Sílvia, coord. |9 45775 | ||
| 700 | |a Morral i Romeu, Eulàlia |9 34791 | ||
| 700 | 1 | |a Lorenzo, Paz |9 45780 | |
| 710 | 2 | |a Centre de Documentació i Museu Tèxtil (Terrassa, Catalunya) |9 54995 | |
| 901 | |a Arxiu | ||
| 942 | |n 1 | ||
| 952 | |0 0 |1 0 |4 0 |6 C3211 |7 1 |9 52803 |a Arxiu |b Arxiu |d 2016-12-01 |l 0 |o C-3-211 |p 21713 |r 2016-12-01 00:00:00 |w 2016-12-01 |y ARXIU | ||
| 999 | |c 56652 |d 56652 | ||